Seminar " Leadership in Crisis Situations " (25 September 2003 : palace of The Golden Horses, Kuala Lumpur).
| Format: | Book |
|---|---|
| Published: |
Kuala Lumpur:
Malaysian Institute of management,
2003.
|
| Subjects: |
| LEADER | 00508cam a2200133 7i4500 | ||
|---|---|---|---|
| 001 | 0000027467 | ||
| 005 | 20120111090000.0 | ||
| 090 | 0 | 0 | |a S 658.4092 |b LEA |
| 245 | 0 | 0 | |a Seminar " Leadership in Crisis Situations " (25 September 2003 : palace of The Golden Horses, Kuala Lumpur). |
| 260 | 0 | 0 | |a Kuala Lumpur: |b Malaysian Institute of management, |c 2003. |
| 300 | # | # | |a [v.p]. |
| 650 | 0 | 0 | |a Management -- |x Seminar papers |
| 650 | 0 | 0 | |a Leadership -- |x Seminar papers |
| 999 | |a 0000029550 |b Book |c Seminar Papers |e Business Information Centre | ||